000 00841nam a2200241 a 4500
001 000010939
005 20240412074221.0
008 091013s1994 dr 000 p spa d
040 _aDO-SdBNP
_bspa
_cBNPHU
082 _aRD861.44
_bV732d, 1994
100 1 _aVillegas, Víctor,
_d1924-
_97800
245 1 0 _aCharlotte Amalie ;
_bDiálogos con Simeón /
_cVíctor Villega.
250 _a2a ed.
260 _aSanto Domingo:
_aONAP,
_c1994.
300 _a152, 62 p. ;
_c21 cm.
501 _aPublicado con: Diálogos con Simeón
563 _aDos obras encuadernadas juntas con paginación independiente.
590 _aInventariado, 2019 / DG
650 0 _aPoesía dominicana
_966
650 0 _aLiteratura dominicana.
_967
700 1 2 _aVillegas, Víctor,
_d1924-
_tDiálogos con Simeón
_926349
910 _aValidado. Control de calidad BNPHU
999 _c10677
_d10677